Vida y arte de Alberto Durero
Uloženo v:
| Hlavní autor: | |
|---|---|
| Médium: | Kniha |
| Jazyk: | španělština |
| Vydáno: |
Madrid
Alianza
1982
|
| Edice: | Alianza forma, 27
|
| Témata: | |
| Tagy: |
Přidat tag
Žádné tagy, Buďte první, kdo vytvoří štítek k tomuto záznamu!
|
MARC
| LEADER | 00000cam a2200000 a 4500 | ||
|---|---|---|---|
| 001 | UCX6302 | ||
| 003 | CL-VaPUC | ||
| 008 | 930511e19820000SP |||||||||||||||||spa|d | ||
| 082 | 0 | 4 | |a 927 |b PAN |2 21 |
| 100 | |a Panofsky, Erwin |e autor |9 322726 | ||
| 245 | 1 | 0 | |a Vida y arte de Alberto Durero |
| 300 | |a 484 p | ||
| 942 | |c BK | ||
| 945 | |d 19930511 00:00:00 |a oaravena | ||
| 260 | |a Madrid |b Alianza |c 1982 | ||
| 600 | 0 | 7 | |a DURERO, ALBERT |2 CL-VaPUC |9 322727 |
| 650 | 7 | |a GRABADORES |2 CL-VaPUC |9 322728 | |
| 650 | 7 | |a OBRAS ILUSTRADAS SIGLO 20 |2 CL-VaPUC |9 266178 | |
| 650 | 0 | |a Pintores |9 265963 | |
| 651 | 0 | |a Alemania |9 255688 | |
| 583 | |a last modification |c 20130822 05:34:29 |k Rodrigo Vera | ||
| 490 | 0 | |a Alianza forma, 27 | |
| 999 | |c 226338 |d 226336 | ||
| 952 | |0 0 |1 0 |4 0 |6 927_000000000000000_PAN_1982 |7 0 |8 A |9 224613 |a BIBHIS |b BIBHIS |d 2019-11-15 |i 293390K |o 927 PAN 1982 |p 293390K |r 2025-01-20 |w 2019-11-15 |y BK |k HIS | ||
| 952 | |0 0 |1 0 |4 0 |6 927_000000000000000_PAN_1982 |7 0 |8 R |9 224614 |a BIBARQ |b BIBARQ |d 2019-11-15 |i 3045544 |l 1 |o 927 PAN 1982 |p 3045544 |r 2025-01-20 |s 2022-10-19 |w 2019-11-15 |y BK_R |k ARQ | ||
| 952 | |0 0 |1 0 |4 0 |6 927_000000000000000_PAN_1982 |7 0 |8 A |9 224615 |a BIBART |b BIBART |d 2019-11-15 |i 1207229 |l 1 |o 927 PAN 1982 |p 1207229 |r 2025-03-13 |s 2024-03-14 |w 2019-11-15 |y BK |k ART | ||
| 952 | |0 0 |1 0 |4 0 |6 927_000000000000000_PAN_1982 |7 0 |8 A |9 224616 |a BIBHIS |b BIBHIS |d 2019-11-15 |i 4730909 |o 927 PAN 1982 |p 4730909 |r 2025-01-20 |w 2019-11-15 |y BK |k HIS | ||
| 952 | |0 0 |1 0 |3 erb |4 0 |6 927_000000000000000_PAN_1982 |7 0 |8 R |9 224617 |a BIBARQ |b BIBARQ |d 2019-11-15 |i 5001323 |l 2 |o 927 PAN 1982 |p 5001323 |r 2025-01-20 |s 2020-05-07 |w 2019-11-15 |y BK_R |z Catalogado en:20130829 |k ARQ | ||
| 952 | |0 0 |1 0 |3 erb |4 0 |6 927_000000000000000_PAN_1982 |7 0 |8 A |9 224618 |a BIBART |b BIBART |i 5143608 |l 3 |o 927 PAN 1982 |p 5143608 |r 2025-03-13 |s 2024-04-17 |w 2019-11-15 |y BK |z Catalogado en:20150402 |k ART | ||